00609nam a2200181Ia 4500952013000000999001700130003000400147005001700151008004100168040000900209082001800218100002600236245005700262250001200319260004500331300000900376942004200385 00102ddc40708ISLAMaMESbMEScISLd2019-02-20g25.00l0o297.63 SID/Mp17916r2019-02-20 00:00:00w2019-02-20yBKzGL46R4 c20140d20140OSt20200519102119.0190216s9999||||xx |||||||||||||| ||und|| coclc a297.63bSID/M aSiddiqi, Naeem 92412 0aMuhammad The Benefactor Of Humanity /cNaeem Siddiqi a2nd Ed. bMarkazi Maktaba Islami, c1983.aDelhi: a277p cBK2ddch297.63iSID/Mk297.63mSID/M